[Event "POL-chT 1 Liga 2019"]
[Site "Dzwirzyno"]
[Date "2019.09.07"]
[Round "1.11"]
[White "Sliwerski, Radoslaw"]
[Black "Dzierzak, Radoslaw"]
[Result "1/2-1/2"]
[WhiteElo "2078"]
[BlackElo "2253"]
[Annotator "ChessBase"]
[PlyCount "83"]
[EventDate "2019.09.07"]
[EventType "team-tourn"]
[EventCountry "POL"]
[SourceTitle "playchess.com"]
[Source "ChessBase"]
[SourceQuality "1"]
[TimeControl "40/5400+30:1800+30"]

1. d4 {[%emt 0:00:00]} Nf6 {[%emt 0:00:00]} 2. c4 {[%emt 0:00:00]} e6 {[%emt 0:00:05]} 3. Nc3 {[%emt 0:00:00]} Bb4 {[%emt 0:00:15]} 4. g3 {[%emt 0:00:00]} c5 {[%emt 0:00:18]} 5. Nf3 {[%emt 0:00:13]} Bxc3+ {[%emt 0:00:24]} 6. bxc3 {[%emt 0:00:06]} Qa5 {[%emt 0:00:07]} 7. Bd2 {[%emt 0:04:39]} b6 {[%emt 0:00:30]} 8. Bg2 {[%emt 0:01:02]} Bb7 {[%emt 0:00:06]} 9. O-O {[%emt 0:02:07]} O-O {[%emt 0:00:16]} 10. Qb3 {[%emt 0:08:51]} Qa6 {[%emt 0:14:29]} 11. Bf4 {[%emt 0:23:33]} Nc6 {[%emt 0:10:39]} 12. dxc5 {[%emt 0:15:19]} Na5 {[%emt 0:02:54]} 13. Qb5 {[%emt 0:00:18]} Qxb5 {[%emt 0:04:37]} 14. cxb5 {[%emt 0:00:02]} bxc5 {[%emt 0:00:26]} 15. Bd6 {[%emt 0:05:45]} Rfc8 {[%emt 0:00:52]} 16. Nd2 {[%emt 0:02:32]} Bxg2 {[%emt 0:07:04]} 17. Kxg2 {[%emt 0:00:03]} Ne8 {[%emt 0:06:18]} 18. Bf4 {[%emt 0:02:01]} d5 {[%emt 0:07:37]} 19. c4 {[%emt 0:01:53]} f6 {[%emt 0:06:25]} 20. g4 {[%emt 0:02:22]} e5 {[%emt 0:03:07]} 21. Bg3 {[%emt 0:00:01]} Nxc4 {[%emt 0:02:23]} 22. Nxc4 {[%emt 0:00:02]} dxc4 {[%emt 0:00:07]} 23. f4 {[%emt 0:01:50]} exf4 {[%emt 0:05:18]} 24. Bxf4 {[%emt 0:01:21]} Nc7 {[%emt 0:00:18]} 25. Bxc7 {[%emt 0:04:35]} Rxc7 {[%emt 0:00:06]} 26. Rac1 {[%emt 0:01:08]} Re8 {[%emt 0:01:49]} 27. Rc2 {[%emt 0:05:29]} Re4 {[%emt 0:03:03]} 28. h3 {[%emt 0:00:41]} Rce7 {[%emt 0:02:27]} 29. Kf2 {[%emt 0:04:34]} Re3 {[%emt 0:06:42]} 30. Rxc4 {[%emt 0:02:33]} Rxe2+ {[%emt 0:00:27]} 31. Kg3 {[%emt 0:00:02]} Rxa2 {[%emt 0:06:54]} 32. Rxc5 {[%emt 0:00:07]} Ree2 {[%emt 0:05:53]} 33. Rf3 {[%emt 0:01:08]} Kf7 {[%emt 0:01:10]} 34. Rd3 {[%emt 0:02:23]} Kg6 {[%emt 0:02:32]} 35. Rc7 {[%emt 0:00:26]} Rg2+ {[%emt 0:00:31]} 36. Kf3 {[%emt 0:00:33]} Rgf2+ {[%emt 0:00:29]} 37. Kg3 {[%emt 0:00:40]} Rg2+ {[%emt 0:00:07]} 38. Kf3 {[%emt 0:00:12]} Raf2+ {[%emt 0:00:13]} 39. Ke4 {[%emt 0:01:24]} Re2+ {[%emt 0:00:36]} 40. Kf3 {[%emt 0:00:00]} Ref2+ {[%emt 0:00:00]} 41. Ke4 {[%emt 0:04:47]} Re2+ {[%emt 0:08:15]} 42. Kf3 {[%emt 0:01:05]} 1/2-1/2

[Event "POL-chT 1 Liga 2019"]
[Site "Dzwirzyno"]
[Date "2019.09.07"]
[Round "1.12"]
[White "Malicka, Maria"]
[Black "Kulon, Klaudia"]
[Result "1/2-1/2"]
[WhiteElo "2095"]
[BlackElo "2339"]
[Annotator "ChessBase"]
[PlyCount "103"]
[EventDate "2019.09.07"]
[EventType "team-tourn"]
[EventCountry "POL"]
[SourceTitle "playchess.com"]
[Source "ChessBase"]
[SourceQuality "1"]
[TimeControl "40/5400+30:1800+30"]

1. e4 {[%emt 0:00:00]} e5 {[%emt 0:00:00]} 2. Nf3 {[%emt 0:00:00]} Nc6 {[%emt 0:00:00]} 3. Bb5 {[%emt 0:00:00]} a6 {[%emt 0:00:00]} 4. Ba4 {[%emt 0:00:00]} Nf6 {[%emt 0:00:00]} 5. d3 {[%emt 0:00:00]} d6 {[%emt 0:00:01]} 6. c3 {[%emt 0:00:01]} g6 {[%emt 0:00:14]} 7. Nbd2 {[%emt 0:00:26]} Bg7 {[%emt 0:00:06]} 8. O-O {[%emt 0:00:09]} O-O {[%emt 0:00:03]} 9. Re1 {[%emt 0:00:30]} Bd7 {[%emt 0:00:06]} 10. Nf1 {[%emt 0:02:49]} Nh5 {[%emt 0:00:04]} 11. Ng3 {[%emt 0:14:22]} Nxg3 {[%emt 0:07:57]} 12. fxg3 {[%emt 0:01:39]} h6 {[%emt 0:00:45]} 13. Be3 {[%emt 0:00:44]} b5 {[%emt 0:01:37]} 14. Bb3 {[%emt 0:07:39]} Na5 {[%emt 0:03:10]} 15. Qd2 {[%emt 0:00:47]} Nxb3 {[%emt 0:03:24]} 16. axb3 {[%emt 0:00:05]} Kh7 {[%emt 0:00:21]} 17. b4 {[%emt 0:04:52]} Bc6 {[%emt 0:02:22]} 18. g4 {[%emt 0:12:57]} Bb7 {[%emt 0:09:41]} 19. g5 {[%emt 0:01:48]} h5 {[%emt 0:01:19]} 20. Rf1 {[%emt 0:01:18]} Qd7 {[%emt 0:04:26]} 21. Qf2 {[%emt 0:03:32]} d5 {[%emt 0:07:02]} 22. exd5 {[%emt 0:04:31]} Qxd5 {[%emt 0:00:08]} 23. d4 {[%emt 0:08:18]} e4 {[%emt 0:09:48]} 24. Nd2 {[%emt 0:04:42]} Kg8 {[%emt 0:01:18]} 25. Qg3 {[%emt 0:01:32]} Rac8 {[%emt 0:02:33]} 26. Ra3 {[%emt 0:02:10]} Rfe8 {[%emt 0:04:35]} 27. Nb3 {[%emt 0:01:31]} Bf8 {[%emt 0:00:17]} 28. Nc5 {[%emt 0:02:05]} Bxc5 {[%emt 0:02:42]} 29. dxc5 {[%emt 0:04:09]} Re6 {[%emt 0:02:33]} 30. Raa1 {[%emt 0:01:17]} Re7 {[%emt 0:09:02]} 31. Rad1 {[%emt 0:02:09]} Qb3 {[%emt 0:01:46]} 32. Rd2 {[%emt 0:06:27]} Rce8 {[%emt 0:01:07]} 33. Rfd1 {[%emt 0:04:58]} Bc8 {[%emt 0:00:37]} 34. Qf2 {[%emt 0:02:12]} Bg4 {[%emt 0:02:37]} 35. Ra1 {[%emt 0:00:22]} Qe6 {[%emt 0:00:16]} 36. h3 {[%emt 0:03:12]} Bf5 {[%emt 0:00:02]} 37. Rad1 {[%emt 0:00:16]} f6 {[%emt 0:04:59]} 38. gxf6 {[%emt 0:00:27]} Rf7 {[%emt 0:01:25]} 39. Rd8 {[%emt 0:02:17]} Rxf6 {[%emt 0:00:44]} 40. Rxe8+ {[%emt 0:00:00]} Qxe8 {[%emt 0:00:00]} 41. g4 {[%emt 0:20:42]} hxg4 {[%emt 0:14:03]} 42. Qh4 {[%emt 0:07:05]} Rf8 {[%emt 0:04:37]} 43. hxg4 {[%emt 0:01:02]} g5 {[%emt 0:10:02]} 44. Qxg5+ {[%emt 0:01:23]} Bg6 {[%emt 0:00:01]} 45. Rd5 {[%emt 0:02:57]} Qf7 {[%emt 0:01:10]} 46. Rf5 {[%emt 0:00:15]} Qe6 {[%emt 0:00:27]} 47. Rxf8+ {[%emt 0:00:25]} Kxf8 {[%emt 0:00:01]} 48. Qf4+ {[%emt 0:01:23]} Ke8 {[%emt 0:00:28]} 49. Bd4 {[%emt 0:01:11]} Kd7 {[%emt 0:02:14]} 50. Be5 {[%emt 0:00:37]} Qc6 {[%emt 0:02:23]} 51. Qf6 {[%emt 0:01:05]} Qxf6 {[%emt 0:00:15]} 52. Bxf6 {[%emt 0:00:01]} 1/2-1/2

[Event "POL-chT 1 Liga 2019"]
[Site "Dzwirzyno"]
[Date "2019.09.07"]
[Round "1.13"]
[White "Szwed, Jacek"]
[Black "Sapis, Witalis"]
[Result "1/2-1/2"]
[WhiteElo "2370"]
[BlackElo "2376"]
[Annotator "ChessBase"]
[PlyCount "54"]
[EventDate "2019.09.07"]
[EventType "team-tourn"]
[EventCountry "POL"]
[SourceTitle "playchess.com"]
[Source "ChessBase"]
[SourceQuality "1"]
[TimeControl "40/5400+30:1800+30"]

1. e4 {[%emt 0:02:39]} c6 {[%emt 0:00:00]} 2. d4 {[%emt 0:00:15]} d5 {[%emt 0:00:00]} 3. Nd2 {[%emt 0:00:03]} dxe4 {[%emt 0:00:00]} 4. Nxe4 {[%emt 0:00:06]} Nd7 {[%emt 0:00:12]} 5. Ng5 {[%emt 0:00:09]} Ngf6 {[%emt 0:00:10]} 6. Bd3 {[%emt 0:00:26]} e6 {[%emt 0:00:07]} 7. N1f3 {[%emt 0:00:04]} Bd6 {[%emt 0:00:10]} 8. Qe2 {[%emt 0:00:06]} h6 {[%emt 0:00:14]} 9. Ne4 {[%emt 0:00:05]} Nxe4 {[%emt 0:00:06]} 10. Qxe4 {[%emt 0:00:15]} Nf6 {[%emt 0:00:06]} 11. Qe2 {[%emt 0:00:06]} b6 {[%emt 0:00:24]} 12. Bd2 {[%emt 0:00:19]} Bb7 {[%emt 0:00:20]} 13. Ne5 {[%emt 0:00:14]} Qc7 {[%emt 0:00:47]} 14. f4 {[%emt 0:00:13]} O-O-O {[%emt 0:04:44]} 15. O-O {[%emt 0:00:18]} c5 {[%emt 0:05:21]} 16. a4 {[%emt 0:00:23]} cxd4 {[%emt 0:05:49]} 17. a5 {[%emt 0:00:11]} Nd5 {[%emt 0:25:26]} 18. axb6 {[%emt 0:01:53]} axb6 {[%emt 0:00:13]} 19. Ra4 {[%emt 0:00:12]} Bxe5 {[%emt 0:06:30]} 20. Rc4 {[%emt 0:00:49]} Bf6 {[%emt 0:06:30]} 21. Rxc7+ {[%emt 0:02:04]} Kxc7 {[%emt 0:02:56]} 22. Ba6 {[%emt 0:35:51]} Rd6 {[%emt 0:15:39]} 23. Bxb7 {[%emt 0:26:13]} Kxb7 {[%emt 0:00:04]} 24. Ra1 {[%emt 0:00:01]} Ra8 {[%emt 0:02:38]} 25. Rxa8 {[%emt 0:00:40]} Kxa8 {[%emt 0:00:04]} 26. Qb5 {[%emt 0:00:04]} Nc7 {[%emt 0:02:28]} 27. Qb3 {[%emt 0:12:19]} Kb7 {[%emt 0:01:54]} 1/2-1/2

[Event "POL-chT 1 Liga 2019"]
[Site "Dzwirzyno"]
[Date "2019.09.07"]
[Round "1.14"]
[White "Godzwon, Iwo"]
[Black "Zylka, Stanislaw"]
[Result "1/2-1/2"]
[WhiteElo "2265"]
[BlackElo "2338"]
[Annotator "ChessBase"]
[PlyCount "55"]
[EventDate "2019.09.07"]
[EventType "team-tourn"]
[EventCountry "POL"]
[SourceTitle "playchess.com"]
[Source "ChessBase"]
[SourceQuality "1"]
[TimeControl "40/5400+30:1800+30"]

1. e4 {[%emt 0:00:00]} c5 {[%emt 0:00:00]} 2. Nf3 {[%emt 0:00:00]} e6 {[%emt 0:00:00]} 3. d4 {[%emt 0:00:00]} cxd4 {[%emt 0:00:09]} 4. Nxd4 {[%emt 0:00:00]} Nc6 {[%emt 0:00:14]} 5. Nc3 {[%emt 0:00:00]} Qc7 {[%emt 0:00:07]} 6. Be3 {[%emt 0:00:00]} a6 {[%emt 0:00:25]} 7. Be2 {[%emt 0:00:00]} Nf6 {[%emt 0:00:17]} 8. O-O {[%emt 0:00:00]} Be7 {[%emt 0:00:13]} 9. f4 {[%emt 0:00:00]} d6 {[%emt 0:00:12]} 10. Qe1 {[%emt 0:01:08]} Nxd4 {[%emt 0:00:48]} 11. Bxd4 {[%emt 0:00:04]} b5 {[%emt 0:00:30]} 12. a3 {[%emt 0:00:03]} O-O {[%emt 0:00:32]} 13. Kh1 {[%emt 0:00:05]} Nd7 {[%emt 0:00:37]} 14. Qg3 {[%emt 0:05:35]} Bf6 {[%emt 0:00:14]} 15. Bxf6 {[%emt 0:03:52]} Nxf6 {[%emt 0:00:04]} 16. Bd3 {[%emt 0:00:16]} Bb7 {[%emt 0:01:38]} 17. Rae1 {[%emt 0:02:11]} Rad8 {[%emt 0:06:30]} 18. Qh4 {[%emt 0:07:00]} h6 {[%emt 0:05:15]} 19. Re3 {[%emt 0:01:40]} Qc5 {[%emt 0:02:14]} 20. Qe1 {[%emt 0:12:14]} Bc6 {[%emt 0:14:19]} 21. h3 {[%emt 0:07:05]} a5 {[%emt 0:07:13]} 22. e5 {[%emt 0:03:54]} dxe5 {[%emt 0:07:20]} 23. Rxe5 {[%emt 0:00:08]} Qb6 {[%emt 0:10:02]} 24. Bxb5 {[%emt 0:05:10]} Nd7 {[%emt 0:04:00]} 25. Rh5 {[%emt 0:00:26]} Nf6 {[%emt 0:13:56]} 26. Re5 {[%emt 0:00:39]} Nd7 {[%emt 0:00:21]} 27. Rh5 {[%emt 0:24:19]} Nf6 {[%emt 0:02:59]} 28. Re5 {[%emt 0:00:07]} 1/2-1/2

[Event "POL-chT 1 Liga 2019"]
[Site "Dzwirzyno"]
[Date "2019.09.07"]
[Round "1.15"]
[White "Koziol, Kamil"]
[Black "Wacior, Maciej"]
[Result "1/2-1/2"]
[WhiteElo "2292"]
[BlackElo "2116"]
[Annotator "ChessBase"]
[PlyCount "58"]
[EventDate "2019.09.07"]
[EventType "team-tourn"]
[EventCountry "POL"]
[SourceTitle "playchess.com"]
[Source "ChessBase"]
[SourceQuality "1"]
[TimeControl "40/5400+30:1800+30"]

1. e4 {[%emt 0:00:00]} c6 {[%emt 0:00:00]} 2. Nc3 {[%emt 0:00:05]} d5 {[%emt 0:00:00]} 3. Nf3 {[%emt 0:00:27]} Bg4 {[%emt 0:00:15]} 4. h3 {[%emt 0:01:13]} Bxf3 {[%emt 0:00:04]} 5. Qxf3 {[%emt 0:00:12]} Nf6 {[%emt 0:00:04]} 6. d3 {[%emt 0:00:20]} e6 {[%emt 0:01:41]} 7. Bd2 {[%emt 0:01:31]} Be7 {[%emt 0:07:34]} 8. e5 {[%emt 0:16:45]} Nfd7 {[%emt 0:00:11]} 9. Qg3 {[%emt 0:01:04]} Rg8 {[%emt 0:02:36]} 10. h4 {[%emt 0:08:53]} Qc7 {[%emt 0:01:15]} 11. f4 {[%emt 0:15:45]} c5 {[%emt 0:05:46]} 12. O-O-O {[%emt 0:05:23]} a6 {[%emt 0:02:13]} 13. Be2 {[%emt 0:06:40]} Nc6 {[%emt 0:04:11]} 14. h5 {[%emt 0:02:48]} O-O-O {[%emt 0:06:11]} 15. Bg4 {[%emt 0:02:00]} g5 {[%emt 0:10:01]} 16. f5 {[%emt 0:12:16]} Qxe5 {[%emt 0:00:21]} 17. Qh3 {[%emt 0:00:21]} exf5 {[%emt 0:05:30]} 18. Bxf5 {[%emt 0:01:17]} h6 {[%emt 0:04:14]} 19. Rde1 {[%emt 0:03:47]} Qd6 {[%emt 0:00:51]} 20. Qf3 {[%emt 0:00:30]} d4 {[%emt 0:02:48]} 21. Nd5 {[%emt 0:06:42]} Kb8 {[%emt 0:09:02]} 22. Nxe7 {[%emt 0:05:52]} Nxe7 {[%emt 0:00:30]} 23. Bxd7 {[%emt 0:00:57]} Rxd7 {[%emt 0:02:07]} 24. Qxf7 {[%emt 0:00:25]} Rc8 {[%emt 0:00:09]} 25. Rhf1 {[%emt 0:02:25]} Rc6 {[%emt 0:03:08]} 26. Re4 {[%emt 0:02:11]} Ka7 {[%emt 0:01:07]} 27. Rfe1 {[%emt 0:00:51]} Nd5 {[%emt 0:00:26]} 28. Qf5 {[%emt 0:00:23]} Qc7 {[%emt 0:08:01]} 29. Re6 {[%emt 0:01:23]} Rdd6 {[%emt 0:08:52]} 1/2-1/2

[Event "POL-chT 1 Liga 2019"]
[Site "Dzwirzyno"]
[Date "2019.09.07"]
[Round "1.16"]
[White "Kowalski, Maciej"]
[Black "Nowak, Mikolaj"]
[Result "0-1"]
[WhiteElo "2095"]
[BlackElo "2262"]
[Annotator "ChessBase"]
[PlyCount "40"]
[EventDate "2019.09.07"]
[EventType "team-tourn"]
[EventCountry "POL"]
[SourceTitle "playchess.com"]
[Source "ChessBase"]
[SourceQuality "1"]
[TimeControl "40/5400+30:1800+30"]

1. Nf3 g6 {[%emt 0:00:00]} 2. g3 {[%emt 0:00:00]} Bg7 {[%emt 0:01:16]} 3. Bg2 {[%emt 0:00:00]} e5 4. d3 {[%emt 0:02:30]} d5 {[%emt 0:05:46]} 5. O-O {[%emt 0:00:26]} Ne7 {[%emt 0:04:02]} 6. e4 {[%emt 0:11:36]} c6 {[%emt 0:02:50]} 7. Qe2 {[%emt 0:06:53]} Qc7 {[%emt 0:05:43]} 8. d4 {[%emt 0:16:43]} dxe4 {[%emt 0:16:31]} 9. Nxe5 {[%emt 0:01:02]} f5 {[%emt 0:03:00]} 10. Bf4 {[%emt 0:13:38]} Qd8 {[%emt 0:08:28]} 11. Nc3 {[%emt 0:01:52]} Be6 {[%emt 0:09:03]} 12. Rad1 {[%emt 0:00:23]} O-O {[%emt 0:04:58]} 13. f3 {[%emt 0:04:45]} Qb6 {[%emt 0:10:59]} 14. fxe4 {[%emt 0:11:47]} Qxb2 {[%emt 0:04:11]} 15. exf5 {[%emt 0:01:30]} Nxf5 {[%emt 0:02:15]} 16. Nxg6 {[%emt 0:06:18]} Re8 {[%emt 0:03:36]} 17. Ne5 {[%emt 0:13:44]} Qxc3 {[%emt 0:01:00]} 18. Be4 Nd7 {[%emt 0:03:54]} 19. Rd3 {[%emt 0:03:09]} Qa5 {[%emt 0:04:10]} 20. Qh5 Nf6 0-1

[Event "POL-chT 1 Liga 2019"]
[Site "Dzwirzyno"]
[Date "2019.09.07"]
[Round "1.17"]
[White "Tomaszewski, Kacper"]
[Black "Rogala, Milosz"]
[Result "1/2-1/2"]
[WhiteElo "2363"]
[BlackElo "1788"]
[Annotator "ChessBase"]
[PlyCount "63"]
[EventDate "2019.09.07"]
[EventType "team-tourn"]
[EventCountry "POL"]
[SourceTitle "playchess.com"]
[Source "ChessBase"]
[SourceQuality "1"]
[TimeControl "40/5400+30:1800+30"]

1. d4 {[%emt 0:00:00]} d5 {[%emt 0:00:00]} 2. c4 {[%emt 0:00:00]} c6 {[%emt 0:00:00]} 3. Nc3 {[%emt 0:00:00]} Nf6 {[%emt 0:00:19]} 4. Nf3 {[%emt 0:00:11]} e6 {[%emt 0:00:13]} 5. Bg5 {[%emt 0:00:42]} dxc4 {[%emt 0:00:53]} 6. e4 {[%emt 0:02:21]} b5 {[%emt 0:00:10]} 7. a4 {[%emt 0:00:05]} Bb4 {[%emt 0:13:56]} 8. Be2 {[%emt 0:02:16]} h6 {[%emt 0:04:34]} 9. Bxf6 {[%emt 0:00:27]} Qxf6 {[%emt 0:00:56]} 10. O-O {[%emt 0:00:24]} O-O {[%emt 0:06:51]} 11. Qc2 {[%emt 0:00:37]} a6 {[%emt 0:04:38]} 12. axb5 {[%emt 0:10:50]} Bxc3 {[%emt 0:00:38]} 13. Qxc3 {[%emt 0:00:09]} cxb5 {[%emt 0:00:15]} 14. b3 {[%emt 0:00:06]} Bb7 {[%emt 0:08:20]} 15. e5 {[%emt 0:23:41]} Qf4 {[%emt 0:08:16]} 16. bxc4 {[%emt 0:02:45]} bxc4 {[%emt 0:00:43]} 17. Qe3 {[%emt 0:07:52]} Qg4 {[%emt 0:07:10]} 18. Rfc1 {[%emt 0:12:10]} Nd7 {[%emt 0:04:05]} 19. h3 {[%emt 0:04:23]} Qf5 {[%emt 0:04:15]} 20. Bxc4 {[%emt 0:11:42]} Bxf3 {[%emt 0:02:06]} 21. Bd3 {[%emt 0:00:07]} Qh5 {[%emt 0:01:27]} 22. Qxf3 {[%emt 0:00:12]} Qxf3 {[%emt 0:00:31]} 23. gxf3 {[%emt 0:00:05]} a5 {[%emt 0:00:11]} 24. Rc7 {[%emt 0:00:18]} Nb6 {[%emt 0:00:28]} 25. Be4 {[%emt 0:00:07]} Rad8 {[%emt 0:01:37]} 26. Rc6 {[%emt 0:02:51]} Nd5 {[%emt 0:00:43]} 27. Rxa5 {[%emt 0:03:08]} Nf4 {[%emt 0:00:25]} 28. Rd6 {[%emt 0:06:30]} Nxh3+ {[%emt 0:01:16]} 29. Kf1 {[%emt 0:01:00]} Nf4 {[%emt 0:00:52]} 30. Ke1 {[%emt 0:03:02]} Rb8 {[%emt 0:02:17]} 31. Ra2 {[%emt 0:00:12]} Rfc8 {[%emt 0:03:31]} 32. Kd2 {[%emt 0:00:28]} 1/2-1/2

[Event "POL-chT 1 Liga 2019"]
[Site "Dzwirzyno"]
[Date "2019.09.07"]
[Round "1.18"]
[White "Gosciniak, Maria"]
[Black "Cieslak, Wiktoria"]
[Result "1-0"]
[WhiteElo "2132"]
[BlackElo "2063"]
[Annotator "ChessBase"]
[PlyCount "95"]
[EventDate "2019.09.07"]
[EventType "team-tourn"]
[EventCountry "POL"]
[SourceTitle "playchess.com"]
[Source "ChessBase"]
[SourceQuality "1"]
[TimeControl "40/5400+30:1800+30"]

1. e4 {[%emt 0:00:00]} c5 {[%emt 0:00:00]} 2. Nf3 {[%emt 0:00:00]} d6 {[%emt 0:00:00]} 3. d4 {[%emt 0:00:00]} cxd4 {[%emt 0:00:00]} 4. Nxd4 {[%emt 0:00:00]} Nf6 {[%emt 0:00:00]} 5. Nc3 {[%emt 0:00:00]} a6 {[%emt 0:00:00]} 6. f3 {[%emt 0:00:05]} e5 {[%emt 0:00:08]} 7. Nb3 {[%emt 0:00:04]} Be6 {[%emt 0:00:14]} 8. Be3 {[%emt 0:00:05]} Be7 {[%emt 0:00:45]} 9. Qd2 {[%emt 0:00:20]} h5 {[%emt 0:00:12]} 10. Be2 {[%emt 0:01:46]} Nbd7 {[%emt 0:00:41]} 11. O-O {[%emt 0:01:24]} O-O {[%emt 0:01:41]} 12. a4 {[%emt 0:10:21]} Rc8 {[%emt 0:04:06]} 13. a5 {[%emt 0:08:50]} Re8 {[%emt 0:07:34]} 14. Rfd1 {[%emt 0:04:29]} Qc7 {[%emt 0:07:06]} 15. Bf1 {[%emt 0:04:05]} Nf8 {[%emt 0:08:59]} 16. Qf2 {[%emt 0:08:50]} Ng6 {[%emt 0:02:42]} 17. Rd2 {[%emt 0:06:22]} h4 {[%emt 0:05:10]} 18. Nc1 {[%emt 0:11:45]} Qc6 {[%emt 0:01:21]} 19. Bd3 {[%emt 0:10:21]} d5 {[%emt 0:11:02]} 20. exd5 {[%emt 0:02:00]} Nxd5 {[%emt 0:03:58]} 21. Be4 {[%emt 0:08:20]} Red8 {[%emt 0:01:46]} 22. N1e2 {[%emt 0:13:02]} Ngf4 {[%emt 0:06:12]} 23. Nxf4 {[%emt 0:08:15]} exf4 {[%emt 0:00:07]} 24. Bb6 {[%emt 0:00:55]} Qc4 {[%emt 0:14:44]} 25. Bxd5 {[%emt 0:00:15]} Bxd5 {[%emt 0:00:52]} 26. Rad1 {[%emt 0:00:27]} Bb4 {[%emt 0:05:42]} 27. Rxd5 {[%emt 0:00:38]} Rxd5 {[%emt 0:01:36]} 28. Nxd5 {[%emt 0:00:06]} Bc5 {[%emt 0:01:01]} 29. Bxc5 {[%emt 0:00:05]} Qxc5 {[%emt 0:00:04]} 30. Qxc5 {[%emt 0:00:58]} Rxc5 {[%emt 0:00:05]} 31. Nxf4 {[%emt 0:00:53]} Rxc2 {[%emt 0:00:17]} 32. b4 {[%emt 0:00:36]} Rc4 {[%emt 0:00:12]} 33. Nd3 {[%emt 0:00:17]} f6 {[%emt 0:00:20]} 34. Rd2 {[%emt 0:00:07]} Kf7 {[%emt 0:00:14]} 35. Rb2 {[%emt 0:00:07]} Rc6 {[%emt 0:00:26]} 36. Nc5 {[%emt 0:00:47]} b6 {[%emt 0:00:06]} 37. Nxa6 {[%emt 0:00:09]} bxa5 {[%emt 0:00:08]} 38. b5 {[%emt 0:00:03]} Rb6 {[%emt 0:00:12]} 39. Nc5 {[%emt 0:00:05]} Ke7 {[%emt 0:00:21]} 40. Na4 {[%emt 0:00:00]} Rb7 {[%emt 0:00:00]} 41. b6 {[%emt 0:00:40]} Kd6 {[%emt 0:00:26]} 42. Rb5 {[%emt 0:00:13]} g5 {[%emt 0:01:03]} 43. Rxa5 {[%emt 0:00:05]} Rb8 {[%emt 0:00:09]} 44. Kf2 {[%emt 0:02:16]} Kc6 {[%emt 0:00:09]} 45. Rf5 {[%emt 0:00:28]} Rf8 {[%emt 0:00:53]} 46. Rc5+ {[%emt 0:01:11]} Kb7 {[%emt 0:00:05]} 47. Rc7+ {[%emt 0:00:08]} Ka6 {[%emt 0:00:07]} 48. b7 {[%emt 0:00:27]} 1-0

[Event "POL-chT 1 Liga 2019"]
[Site "Dzwirzyno"]
[Date "2019.09.07"]
[Round "1.19"]
[White "Cukrowski, Filip"]
[Black "Golubka, Petro"]
[Result "1/2-1/2"]
[WhiteElo "2410"]
[BlackElo "2479"]
[Annotator "TA"]
[PlyCount "79"]
[EventDate "2019.09.07"]
[EventType "team-tourn"]
[EventCountry "POL"]
[SourceTitle "playchess.com"]
[Source "ChessBase"]
[SourceQuality "1"]

{[%evp 24,79,16,0,8,4,20,16,25,23,43,22,31,24,43,-1,45,2,1,1,1,2,4,7,18,16,28,20,18,13,20,30,17,16,16,6,72,85,85,85,88,71,67,40,64,40,40,58,61,14,15,14,8,10,31,0,0,0]} 1. c4 Nf6 2. d4 g6 3. g3 Bg7 4. Bg2 d5 5. Nc3 c6 6. cxd5 cxd5 7. Nf3 Nc6 8. O-O O-O 9. Ne5 e6 10. Nxc6 bxc6 11. Bf4 Nd7 12. Na4 Ba6 13. Rc1 Qa5 {D79: Fianchetto Grünfeld: Symmetrical Variation (6 0-0 c6 7 cxd5 cxd5)} 14. Re1 Bb5 15. Nc3 Ba6 {[#]} 16. Qd2 $146 {Threatens to win with Nxd5.} ({Predecessor:} 16. Bd6 Rfc8 17. a3 Qb6 18. e3 c5 19. dxc5 Nxc5 20. Bxc5 Rxc5 21. Na4 Rxc1 22. Qxc1 {0-1 (69) Lagno,K (2542)-Artemiev,V (2524) Khanty-Mansiysk 2013}) 16... Rfe8 17. b3 Rac8 18. e4 Bf8 19. Rc2 (19. a3 $5) 19... Bg7 20. Bh6 Bxh6 $1 21. Qxh6 c5 22. Qd2 cxd4 $1 23. Qxd4 {[%cal Re4d5][%mdl 64] [#] Double Attack} Qb6 24. Qxb6 Nxb6 25. exd5 Nxd5 26. Bxd5 exd5 27. Rxe8+ Rxe8 $11 {[%mdl 4096] Endgame KRB-KRN} 28. Rd2 Kg7 29. f4 ({Avoid the trap} 29. Rxd5 $2 Re1+ 30. Kg2 Bb7 $19) 29... d4 (29... Rc8 $11 {keeps the balance.} 30. Nxd5 Rd8) 30. Rxd4 $16 Re3 31. Ra4 Bc8 32. Rc4 Be6 33. Rc7 Rd3 34. Kf2 Rd2+ 35. Ke3 Rc2 36. h4 a6 37. Rc5 h5 38. b4 Bxa2 39. f5 gxf5 40. Nxa2 {Accuracy: White = 63%, Black = 68%.} 1/2-1/2

[Event "POL-chT 1 Liga 2019"]
[Site "Dzwirzyno"]
[Date "2019.09.07"]
[Round "1.20"]
[White "Kislinsky, Alexey"]
[Black "Lewtak, Damian"]
[Result "1-0"]
[WhiteElo "2436"]
[BlackElo "2377"]
[Annotator "TA"]
[PlyCount "73"]
[EventDate "2019.09.07"]
[EventType "team-tourn"]
[EventCountry "POL"]
[SourceTitle "playchess.com"]
[Source "ChessBase"]
[SourceQuality "1"]

{[%evp 12,73,-1,0,2,-14,-4,-20,22,29,27,0,0,-6,14,0,39,57,114,120,117,118,121,94,122,137,124,159,145,77,70,25,118,67,79,45,64,33,27,22,138,136,125,109,126,124,120,112,404,423,882,834,1054,1043,1021,1007,1567,1545,1488,1467,1462,1121,1094,1091]} 1. e4 c6 2. d4 d5 3. exd5 cxd5 4. c4 Nf6 5. Nc3 Nc6 6. Bg5 dxc4 7. Bxc4 h6 {B13: Caro-Kann: Exchange Variation and Panov-Botvinnik Attack} 8. Be3 (8. Bf4 {feels hotter.} e6 9. Nf3 Bd6 10. Be5 O-O 11. O-O) (8. Bf4 e6 9. Nf3 Bd6 10. Ne5 O-O 11. O-O Bc7 12. Nxc6 bxc6 13. Be5 c5 14. Nb5 Bb6 15. Qf3 {1-0 (50) Zhigalko,A (2545)-Riazantsev,A (2649) St Petersburg 2018}) 8... e6 9. Nf3 Be7 {The position is equal.} 10. O-O O-O 11. a3 b6 12. Qd3 Re8 $146 ({Predecessor:} 12... Bb7 13. Rad1 Rc8 14. Ba2 Qc7 15. Rfe1 {1-0 (26) Contin,D (2231)-Munoz,F (2279) Rosario 2017}) 13. Rad1 Na5 14. Ba2 Bf8 (14... Bb7 $14) 15. Ne5 $16 Nb7 16. Bb1 Nd6 17. f3 Nf5 {next ...Ba6! is good for Black.} 18. Bf2 $1 g6 19. g4 Ne7 20. Bh4 (20. h4 $142 $1) 20... Bg7 21. Ne4 Nxe4 (21... Nfd5 $11) 22. Qxe4 (22. fxe4 $16 Bxe5 23. dxe5 Qxd3 24. Bxd3) 22... Bd7 23. Rfe1 Ba4 24. Rc1 Qd6 25. Bg3 $36 {[%mdl 2048] aiming for d5. White fights for an advantage.} Bb3 {[#]} (25... Qd5 $11) 26. Qe3 $1 {[%cal Re3b3]} Ba4 27. Qf4 f5 28. d5 Bb3 {[#]} 29. dxe6 $1 Nd5 $2 {[%mdl 8192]} (29... Qxe6 $16 {was called for.} 30. Qb4 Bd5) 30. Qd2 $18 f4 (30... Rxe6 $142 31. Rc6 Qe7) 31. Rc6 Qxe5 32. Rxe5 Bxe5 33. Bh4 g5 34. Qd3 {Threatening mate with Qh7+.} Re7 35. Qxb3 Rd8 36. Bf2 Ne3 37. Rc1 {Accuracy: White = 51%, Black = 37%.} 1-0